000 00728cam a2200217 4500
001 ABS61848
008 000000n1999 000 0 eng u
035 _a(Sirsi) u104067
100 _aLevin, A
245 _aPulp friction
260 _c1999
490 _aCA Magazine
_vFebruary 2000, 19-25(6)
520 _aBackground to the draft strategy by the Forestry Commission, due to be presented to the Scottish parliament. Looks at the future of the Scottish forestry industry against falling prices and a strict new environmental code.
590 _aABS
650 _aEnvironment
_96238
650 _aFORESTRY
650 _aSCOTLAND
650 _aTIMBER PRICES
690 _aRURAL-AGRICULTURE AND FORESTRY
942 _n0
999 _c62448
_d62448